| 000 | 01197nam a22003377a 4500 | ||
|---|---|---|---|
| 003 | CHAP | ||
| 005 | 20220329134621.0 | ||
| 008 | 971013s1977 r 00010 d | ||
| 010 | _a23087 | ||
| 011 | _a24059 | ||
| 035 | _a28158 | ||
| 040 | _cCHAP | ||
| 090 | _aTesis | ||
| 100 | 0 | 0 |
_aAyala Orduño, Agustín. _98961 |
| 245 | _aDinámica de la población insectil y evaluación de daños causados por las plagas defoliadoras en soya Glycine max (L.) en el Valle del Yaqui, Sonora | ||
| 260 |
_aChapingo, Méx. : _bEl autor, _c1977 |
||
| 300 |
_a45 h. _b; gráfs |
||
| 502 | _aTesis (Ing. Agr. Esp. en Parasitología Agrícola) -- ENA. Departamento de Parasitología | ||
| 590 |
_aALEPH _b10 _c20130110 _lUCH01 _h1247 |
||
| 590 |
_aBATCH-UPD _b10 _c20130110 _lUCH01 _h0018 |
||
| 590 |
_aBATCH-UPD _b10 _c20130110 _lUCH01 _h1856 |
||
| 590 |
_aBATCH-UPD _b10 _c20130409 _lUCH01 _h1957 |
||
| 590 |
_aBATCH-UPD _b10 _c20130914 _lUCH01 _h0500 |
||
| 590 |
_aCONVERSION _b10 _c20130109 _lUCH01 _h1314 |
||
| 650 | 1 | 4 |
_aSoya _xPlagas. _9109077 |
| 650 | 1 | 4 |
_aSoya _xSonora. _9109090 |
| 901 | _aBK | ||
| 942 | _cFOLL | ||
| 949 |
_bBC _cTES _d-64952 _eTS1 _i28158 _si |
||
| 949 |
_bBC _cTES _d-64953 _eTS2 _fc.2 _i28158 _si |
||
| 999 |
_c23087 _d23087 |
||